| 000 | 01133cam a2200265 i 4500 | ||
|---|---|---|---|
| 001 | 56485 | ||
| 003 | Mx-PuUPA | ||
| 005 | 20221017082734.0 | ||
| 008 | 140415s2014 mx gr 000 0 spa d | ||
| 020 | _a9786074172744 | ||
| 040 |
_aMX-PuUPA _bspa _erda _cMx-PuUPA _dMx-PuUPA |
||
| 041 | 0 | _aspa | |
| 245 | 0 | 0 |
_aLa restauración de la compañía de Jesús en la América Hispanolusitana : _buna antología de las fuentes documentales / _ccoordinadores, María Teresa Matabueno, Maria Eugenia Ponce Alcocer, Jorge Enrique Salcedo Martínez. |
| 250 | _aPrimera edición | ||
| 264 | 1 |
_aMéxico, D.F. : _bUniversidad Iberoamérica, _bPontificia Universidad Javeriana, _bUniversidad Iberoamericana Puebla, _c2014 |
|
| 300 |
_a335 páginas ; _c23 cm |
||
| 336 |
_atexto _2rdacontent _btxt |
||
| 337 |
_asin medio _2rdamedia _bn |
||
| 338 |
_avolumen _2rdacarrier _bnc |
||
| 650 | 7 |
_aJesuitas _zAmérica Latina _xHistoria _ySiglo XVIII _vFuentes _2armarc |
|
| 650 | 7 |
_aJesuitas _zAmérica Latina _xHistoria _ySiglo XIX _vFuentes _2armarc |
|
| 942 |
_2ddc _cLI _h270.8205 _iR425 |
||
| 999 |
_c56485 _d56485 |
||